Organising innovative research (Registro nro. 304196)
[ vista simple ]
| 000 -ENCABEZADO | |
|---|---|
| Número de control [NR] | 01021nam a2200277 a 4500 |
| 001 - NÚMERO DE CONTROL | |
| control field | ocn877789756 |
| 005 - FECHA Y HORA DE LA ÚLTIMA TRANSACCIÓN | |
| control field | 20170608111011.0 |
| 008 - DE LONGITUD FIJA DE DATOS DE ELEMENTOS - INFORMACIÓN GENERAL | |
| Elementos de longitud fija [NR] | 1 s1997 enk rb 001 0 eng d |
| 020 ## - NUMERO INTERNACIONAL NORMALIZADO PARA LIBROS [R] | |
| Número Internacional Normalizado del libro [NR] | 0080430724 |
| 020 ## - NUMERO INTERNACIONAL NORMALIZADO PARA LIBROS [R] | |
| Número Internacional Normalizado del libro [NR] | 9780080430720 |
| 035 ## - NUMERO DE CONTROL DEL SISTEMA [R] | |
| Número de control del sistema [NR] | (OCoLC)877789756 |
| 040 ## - FUENTE DE CATALOGACION [NR] | |
| Agencia de catalogación original [NR] | Co-BoUCM |
| Idioma de catalogación [NR] | spa |
| Quien Cataloga | Edgar Pinilla |
| Quien Clasifica | Edgar Pinilla |
| 041 ## - CODIGO DE IDIOMA [R] | |
| Código de idioma para texto/pista de sonido o título separado [R] | Inglés |
| 100 1# - ASIENTO PRINCIPAL--NOMBRE PERSONAL [NR] | |
| Nombre personal [NR] | Bennich-Björkman, Li |
| ID Autoridad | 79335 |
| 245 10 - MENCION DE TITULO [NR] | |
| Título [NR] | Organising innovative research |
| Parte restante del título [NR] | the inner life of university departments |
| Mención de responsabilidad, etc. [NR] | Li Bennich-Björkman |
| 260 ## - PUBLICACION, DISTRIBUCION, ETC. (PIE DE IMPRENTA) [R] | |
| Lugar de publicación, distribución, etc. [R] | Oxford (Inglaterra) |
| Nombre del editor, distribuidor, etc. [R] | Published for the IAU Press Pergamon |
| Fecha de publicación, distribución, etc. [R] | 1997 |
| 300 ## - DESCRIPCION FISICA [R] | |
| Extensión [R] | xiii, 185 páginas |
| 490 0# - MENCION DE SERIE [R] | |
| Mención de serie [R] | Issues in higher education |
| 504 ## - NOTA DE BIBLIOGRAFIA, ETC. [R] | |
| Nota de bibliografía, etc. [NR] | Incluye referencias bibliográficas e índices |
| 650 04 - ASIENTO SECUNDARIO DE MATERIA - TERMINO TEMATICO [R] | |
| Término temático o nombre geográfico como elemento de entrada [NR] | Educación superior |
| Subdivisión de forma [R] | Estudio de casos |
| Subdivisión geográfica [R] | Suecia |
| 9 (RLIN) | 79336 |
| 650 04 - ASIENTO SECUNDARIO DE MATERIA - TERMINO TEMATICO [R] | |
| Término temático o nombre geográfico como elemento de entrada [NR] | Universidades |
| Subdivisión geográfica [R] | Suecia |
| 9 (RLIN) | 79337 |
| 650 04 - ASIENTO SECUNDARIO DE MATERIA - TERMINO TEMATICO [R] | |
| Término temático o nombre geográfico como elemento de entrada [NR] | Cultura corporativa |
| Subdivisión geográfica [R] | Suecia |
| 9 (RLIN) | 79338 |
| 690 #0 - ASUNTO AGREGADO LOCAL DE ENTRADA - TÉRMINO TEMÁTICO (OCLC, RLIN) | |
| Acceso temático local | Educación superior |
| 9 (RLIN) | 177 |
| 942 ## - ELEMENTOS DE ENTRADA AGREGADOS (KOHA) | |
| Sistema de clasificación | DEWEY |
| Tema principal | Educación |
| Tipo de ítem principal el descrito en 300a | Libro |
| Edición | 1 |
| Clasificación | 378.055 |
| Parte restante de la signatura top. | B472 |
| Total préstamos | Signatura topográfica | Código de barras | Última vez visto | Ejemplar | Costo de reposición | Price effective from | Tipo de ítem | Nota pública (OPAC) | Perdido | Sistema de clasificación | Dañado | No prestable | Tipo de ítem específico | Suprimido | Ubicación habitual | Ubicación actual | Localización | Fecha de creación | Proveedor | Forma de adquisición | Costo |
|---|---|---|---|---|---|---|---|---|---|---|---|---|---|---|---|---|---|---|---|---|---|
| 378.055 B472 | 100150065 | 04/12/2025 | Ej.1 | 26000.00 | 16/08/2016 | Libro | Galería de donantes | DEWEY | Libro | Claustro | Claustro | 3er piso | 16/08/2016 | 12 | Donación | 0.00 |